[Event "Kishinev op"]
[Site "Kishinev"]
[Date "2014.01.25"]
[Round "8"]
[White "Gangan, Lilian"]
[Black "Grama, Cristian"]
[Result "0-1"]
[WhiteElo "1634"]
[BlackElo "1873"]
[PlyCount "82"]
[EventDate "2014.01.18"]
[EventType "swiss"]
[EventRounds "9"]
[EventCountry "MDA"]
[SourceTitle "EXT 2016"]
[Source "ChessBase"]
[SourceDate "2015.10.08"]
[SourceVersion "1"]
[SourceVersionDate "2015.10.08"]
[SourceQuality "1"]

1. e4 Nf6 2. e5 Nd5 3. d4 d6 4. c4 Nb6 5. Nf3 g6 6. Nc3 Bg7 7. exd6 cxd6 8. Be2 0-0 9. 0-0 Bg4 10. Be3 Nc6 11. b3 d5 12. c5 Nc8 13. Rc1 e6 14. h3 Bxf3 15. Bxf3 N8e7 16. Nb5 Nf5 17. Bg4 a6 18. Bxf5 axb5 19. Bb1 Qh4 20. f4 Qf6 21. Kh1 Nxd4 22. Bxd4 Qxd4 23. Qxd4 Bxd4 24. c6 bxc6 25. Rxc6 b4 26. Rc7 Rac8 27. Rb7 Bc3 28. Rd1 Rb8 29. Ra7 Rfd8 30. Ra6 Kf8 31. Ra7 Ke8 32. Kh2 Rd7 33. Ra6 Ke7 34. Rd3 Rc7 35. Kg1 Be1 36. Rd1 Bg3 37. Rf1 Rbc8 38. Rb6 Rc1 39. Bd3 Be1 40. Ba6 R8c2 41. Bd3 Bf2+ 0-1

[Event "Kishinev op"]
[Site "Kishinev"]
[Date "2014.01.22"]
[Round "5"]
[White "Grama, Cristian"]
[Black "Dergausov, Denis"]
[Result "0-1"]
[WhiteElo "1873"]
[BlackElo "1895"]
[PlyCount "26"]
[EventDate "2014.01.18"]
[EventType "swiss"]
[EventRounds "9"]
[EventCountry "MDA"]
[SourceTitle "EXT 2016"]
[Source "ChessBase"]
[SourceDate "2015.10.08"]
[SourceVersion "1"]
[SourceVersionDate "2015.10.08"]
[SourceQuality "1"]

1. e4 e6 2. d4 d5 3. e5 c5 4. c3 Qb6 5. Nf3 Bd7 6. a3 Nc6 7. b4 cxd4 8. cxd4 Rc8 9. Ra2 f6 10. Bb2 Bxb4+ 11. axb4 Nxb4 12. Ra1 Nc2+ 13. Kd2 Qxb2 0-1

[Event "Kishinev op"]
[Site "Kishinev"]
[Date "2014.01.21"]
[Round "4"]
[White "Bostan, Selina"]
[Black "Grama, Cristian"]
[Result "0-1"]
[WhiteElo "1451"]
[BlackElo "1873"]
[PlyCount "98"]
[EventDate "2014.01.18"]
[EventType "swiss"]
[EventRounds "9"]
[EventCountry "MDA"]
[SourceTitle "EXT 2016"]
[Source "ChessBase"]
[SourceDate "2015.10.08"]
[SourceVersion "1"]
[SourceVersionDate "2015.10.08"]
[SourceQuality "1"]

1. d4 d5 2. Nf3 Nf6 3. c4 c6 4. Nc3 a6 5. e3 b5 6. b3 Bg4 7. Be2 Nbd7 8. 0-0 e6 9. Bb2 Bd6 10. h3 Bh5 11. Re1 0-0 12. Bd3 Bg6 13. e4 dxe4 14. Nxe4 Nxe4 15. Bxe4 Bxe4 16. Rxe4 Nf6 17. Re2 Rc8 18. Ne5 Qe7 19. f4 Rfd8 20. Qf1 Qa7 21. Kh1 c5 22. Rd1 cxd4 23. Bxd4 Bc5 24. Bxc5 Qxc5 25. Red2 Rxd2 26. Rxd2 Ne4 27. Rd3 Nf2+ 28. Kh2 Nxd3 29. Qxd3 bxc4 30. Nxc4 Qd5 31. Qe2 Rd8 32. a3 Qd3 33. Qxd3 Rxd3 34. b4 Rd4 35. Nb2 Rxf4 36. Na4 a5 37. Nc5 axb4 38. axb4 Rxb4 39. Nd7 f6 40. Nc5 e5 41. Nd3 Rd4 42. Nc5 Kf7 43. Nb3 Rd8 44. Kg1 f5 45. Kh2 Kf6 46. Nc1 e4 47. Ne2 Ke5 48. h4 f4 49. Kh3 Rd2 0-1

[Event "Wch U14"]
[Site "Maribor"]
[Date "2012.11.18"]
[Round "11.41"]
[White "Rohrer, Christophe"]
[Black "Grama, Cristian"]
[Result "1/2-1/2"]
[WhiteElo "1976"]
[BlackElo "1804"]
[PlyCount "55"]
[EventDate "2012.11.08"]
[EventType "swiss"]
[EventRounds "11"]
[EventCountry "SLO"]
[SourceTitle "EXT 2013"]
[Source "ChessBase"]
[SourceDate "2012.11.22"]
[SourceVersion "1"]
[SourceVersionDate "2012.11.22"]
[SourceQuality "1"]

1. e4 Nf6 2. e5 Nd5 3. d4 d6 4. Nf3 Nb6 5. Be2 g6 6. 0-0 Bg7 7. h3 0-0 8. exd6 cxd6 9. c4 Nc6 10. Nc3 e5 11. dxe5 dxe5 12. Bg5 Qxd1 13. Raxd1 h6 14. Be3 Be6 15. Nd5 Bxd5 16. cxd5 Ne7 17. d6 Ned5 18. Bxb6 Nxb6 19. Nd2 Rac8 20. Bf3 Rfd8 21. Nb3 Nc4 22. Bxb7 Rb8 23. Be4 Nxd6 24. Bd5 Nf5 25. Rd2 Nd4 26. Bc4 Nxb3 27. Rxd8+ Rxd8 28. Bxb3 1/2-1/2

[Event "Wch U14"]
[Site "Maribor"]
[Date "2012.11.14"]
[Round "7.61"]
[White "Conradie, Andre"]
[Black "Grama, Cristian"]
[Result "0-1"]
[WhiteElo "1659"]
[BlackElo "1804"]
[PlyCount "68"]
[EventDate "2012.11.08"]
[EventType "swiss"]
[EventRounds "11"]
[EventCountry "SLO"]
[SourceTitle "EXT 2013"]
[Source "ChessBase"]
[SourceDate "2012.11.22"]
[SourceVersion "1"]
[SourceVersionDate "2012.11.22"]
[SourceQuality "1"]

1. e4 Nf6 2. d3 d5 3. e5 Nfd7 4. f4 e6 5. Nf3 c5 6. g3 Nc6 7. Bg2 Be7 8. 0-0 0-0 9. Nc3 b6 10. Ne2 f6 11. exf6 Bxf6 12. d4 Ba6 13. dxc5 Nxc5 14. Re1 Rc8 15. Ned4 Nxd4 16. Nxd4 Qd7 17. Nxe6 Nxe6 18. Rxe6 Rcd8 19. f5 Qb5 20. c3 d4 21. Qf3 dxc3 22. bxc3 Rd3 23. Be3 Bc8 24. Bf1 Bxe6 25. Bxd3 Qxd3 26. fxe6 Bd4 27. Qxf8+ Kxf8 28. Bxd4 Qe2 29. Rf1+ Ke8 30. Rf7 Qxa2 31. Rxg7 a5 32. Rb7 Qb1+ 33. Kf2 Qc2+ 34. Ke3 Qxh2 0-1

[Event "Wch U14"]
[Site "Maribor"]
[Date "2012.11.12"]
[Round "6.38"]
[White "Grama, Cristian"]
[Black "Pak, Alexander"]
[Result "0-1"]
[WhiteElo "1804"]
[BlackElo "2126"]
[PlyCount "84"]
[EventDate "2012.11.08"]
[EventType "swiss"]
[EventRounds "11"]
[EventCountry "SLO"]
[SourceTitle "EXT 2013"]
[Source "ChessBase"]
[SourceDate "2012.11.22"]
[SourceVersion "1"]
[SourceVersionDate "2012.11.22"]
[SourceQuality "1"]

1. e4 c5 2. Nf3 d6 3. d4 cxd4 4. Qxd4 Nc6 5. Bb5 Bd7 6. Bxc6 Bxc6 7. Nc3 Nf6 8. Bg5 e6 9. 0-0-0 Be7 10. Rhe1 0-0 11. Qd2 h6 12. Bh4 Nxe4 13. Nxe4 Bxh4 14. Qxd6 Qxd6 15. Rxd6 Bxe4 16. Nxh4 Bd5 17. Nf5 Rfe8 18. Ne3 Bc6 19. Red1 Kf8 20. f3 Ke7 21. c4 Rac8 22. b3 f5 23. Nc2 Bd5 24. R1xd5 exd5 25. Rxd5 Kf6 26. Nd4 g6 27. Nb5 Red8 28. Rxd8 Rxd8 29. Nxa7 Ra8 30. Nb5 Rxa2 31. Nd6 Rxg2 32. Nxb7 Rxh2 33. c5 Re2 34. b4 Re7 35. c6 h5 36. b5 h4 37. b6 h3 38. c7 h2 39. c8Q h1Q+ 40. Kb2 Re2+ 41. Ka3 Qa1+ 42. Kb4 Rb2+ 0-1